| 000 | 00355nam a2200145Ia 4500 | ||
|---|---|---|---|
| 008 | 221030s9999 xx 000 0 und d | ||
| 041 | _aEnglish | ||
| 082 | _a105.23 | ||
| 100 | _aS. Motewar | ||
| 245 | 2 |
_aA Course in Computer Programming in Basic _cby S. Motewar, S. Domkundwar |
|
| 260 | _c0 | ||
| 650 | _aB | ||
| 700 | _aS. Domkundwar | ||
| 942 | _cBK | ||
| 999 |
_c13718 _d13718 |
||